000 01589cam a2200457 a 4500
001 22661
003 VRT
005 20260415135936.0
008 240314s1995 xo hoc rh 000 0 slo
035 _aSNK000337638
035 _aurn:nbn:sk:snk-amkkpx
035 _aurn:nbn:sk:snk-am003v6z
035 _a1B7E1352-F920-4B9A-B530-82E47BB5A191
039 9 _a202403141016
_bVLOAD
_c202402262117
_dVLOAD
_c202105290935
_dAUTHORITY
_c202105290930
_dAUTHORITY
040 _aSNK
_bslo
_cSNK
_dSAVUK
_eAACR2
041 0 _aslo
043 _an-us-oh
044 _axo
_cSK
072 7 _a929
_xBiografie
_2konspekt
072 7 _a314
_xDemografia. Populácia
_2konspekt
100 1 _aHudák, Andrej F.,
_d1928-2009
_4aut
245 1 0 _aCesty životom
_cAndrew F. Hudak Jr.
260 _aBratislava ;
_aCleveland
_bs.n.
_c1995
300 _a144 s.
_bfaks., fotogr., portréty
_c21 cm
500 _aS venovaním aut.
600 1 7 _aHudák, Andrej F.,
_d1928-2009
_2SNKMA
650 0 7 _aemigranti
_2SNKPH
650 0 7 _aSlováci
_2SNKPH
650 0 7 _apolitici
_2SNKPH
650 0 7 _aEmigrants
_2SNKPHeng
650 0 7 _aSlovaks
_2SNKPHeng
650 0 7 _aPoliticians
_2SNKPHeng
655 7 _aautobiografické spomienky
_2SNKPH
655 7 _aAutobiographical reminiscences
_2SNKPHeng
910 _asavuk
942 _2ddc
_cOLDO
_n0
949 _617A0226998
_9P60, <03>, [BOOK], {603}
_asnkSC 101007
_bsnkD 58/2000
_s6100:20140925
949 _62889177712
_asavukS 149803
_bsavuk2012/1372
949 _617A0484513
_asnkSC 101007 D1
_bsnk2005/15811
_o975/04/isis
999 _c22661
_d22661